Statistiques concernant QUIZ PAROLES : Mauvais ordre - Lomepal

Cliquez ici pour prendre le quiz!

Statistiques générales

  • Ce quiz a été pris 49 fois
  • Le résultat moyen est 143 sur 240

Statistiques - réponses

Paroles% Correct
la
95%
ma
95%
dans
92%
en
92%
j'ai
92%
J'ai
92%
le
92%
les
92%
bons
89%
C'est
89%
mauvais
89%
à
86%
de
86%
faute
86%
mis
86%
mots
86%
tout
86%
ça
84%
encore
84%
ordre
84%
tête
84%
Toujours
81%
me
78%
Putain
78%
avait
76%
bloqué
76%
je
76%
Je
76%
pas
76%
Pas
76%
se
76%
et
73%
Et
73%
mauvaise
73%
si
73%
tellement
73%
zone
73%
l'air
70%
simple
70%
Tu
70%
emmêlé
68%
Ne
68%
faire
65%
pour
65%
toi
65%
un
65%
comme
62%
demande
62%
étrange
62%
moi
62%
sais
62%
des
59%
d'être
59%
piège
59%
referme
59%
trouves
59%
une
57%
voir
57%
que
54%
par
51%
chez
49%
miroir
49%
tapis
49%
soft
46%
sûr
46%
sur
46%
goutte
43%
peur
43%
qui
43%
sol
43%
textes
43%
verre
43%
elle
41%
fille
41%
on
41%
On
41%
recouvrent
41%
super
41%
mais
38%
raturés
38%
suis
38%
Cette
35%
est
35%
grand
35%
J'me
35%
même
35%
quand
35%
jamais
32%
j'suis
32%
l'aise
32%
sers
32%
Superman
32%
ouais
30%
Ouais
30%
parle
30%
pouvoir
30%
pur
30%
rhum
30%
seul
30%
temps
30%
langue
27%
personne
27%
lui
24%
monde
24%
montrer
24%
s'comprend
24%
autre
22%
d'un
22%
finirais
22%
j'arrive
22%
foie
19%
signes
19%
vos
19%
fois
16%
j'admette
16%
j'viens
16%
Plus
16%
plus
16%
toutes
16%
cherchais
14%
connais
14%
déchirant
14%
J'en
14%
l'image
14%
manières
14%
peut-être
14%
S'rait
14%
devenir
11%
renvoie
11%
voix
11%
vous
11%
différentes
8%
ressembler
8%
courant
5%
foire
5%
j'essaye
5%
m'entraîne
5%
moi-même
5%

Distribution des résultats

Percentile par nombre de réponses

% des personnes avec chaque résultat

Votre développement - résultats

Vous n’avez pas pris ce quiz